000 00310nam a22001337a 4500
008 170623b xxu||||| |||| 00| 0 eng d
020 _a9780393922929
041 _aeng
080 _a94
100 _a21
101 _aSHH
245 _aVOICES OF FREDOM A DOCUMENTARY HISTORY
_cFONER.E
942 _2udc
_cBK
999 _c19005
_d19005